Problems of Capital Formation in Underdeveloped Countries /
En este análisis, el autor considera que los mercados pequeños constituyen el factor limitante para el desarrollo económico de los países subdesarrollados, porque en ellos existe bajo nivel de ingresos, de productividad y de inversión (poca demanda, poca oferta).
Salvato in:
| Autore principale: | |
|---|---|
| Natura: | Libro |
| Lingua: | inglese |
| Pubblicazione: |
Oxford, Inglaterra :
Basil Blackwell,
1957, c1953
|
| Soggetti: | |
| Tags: |
Nessun Tag, puoi essere il primo ad aggiungerne!!
|
MARC
| LEADER | 00000nam^a2200000^a^4500 | ||
|---|---|---|---|
| 001 | 000345015 | ||
| 005 | 20250521000000.0 | ||
| 009 | 20260526141313.206 | ||
| 037 | |a Acervo ITESO - Biblioteca | ||
| 041 | |a ING | ||
| 082 | |a 330. 91724 |b NUR | ||
| 100 | |a Nurkse, Ragnar |e (autor) | ||
| 240 | 1 | 1 | |a [Problemas de formación de capital en los países insuficientemente desarrollados] |
| 245 | 1 | 0 | |a Problems of Capital Formation in Underdeveloped Countries / |c R. Nurkse. |
| 264 | 4 | |a Oxford, Inglaterra : |b Basil Blackwell, |c 1957, c1953 | |
| 300 | |a 163 p. | ||
| 336 | |a texto |b txt |2 rdacontenido | ||
| 337 | |a sin mediación |b n |2 rdamedio | ||
| 338 | |a volumen |b nc |2 rdasoporte | ||
| 520 | |a En este análisis, el autor considera que los mercados pequeños constituyen el factor limitante para el desarrollo económico de los países subdesarrollados, porque en ellos existe bajo nivel de ingresos, de productividad y de inversión (poca demanda, poca oferta). | ||
| 561 | |a Ex libris manuscrito de Xavier Scheifler Amézaga | ||
| 649 | |a XX | ||
| 650 | |a Comportamiento Demográfico - |z Países Subdesarrollados | ||
| 650 | |a Oferta y Demanda - |z Países Subdesarrollados | ||
| 650 | |a Mercado - |z Países Subdesarrollados | ||
| 650 | |a Inversiones de Capital - |z Países Subdesarrollados - |x Tema Principal | ||
| 650 | |a Inversiones - |z Países Subdesarrollados | ||
| 650 | |a Política Económica - |z Países Subdesarrollados | ||
| 650 | |a Desarrollo Económico-Social - |z Países Subdesarrollados - |x Tema Principal | ||
| 650 | |a Economía - |z Países Subdesarrollados - |x Tema Principal | ||
| 650 | |a Economía - |x Teoría | ||
| 910 | |a Fondo Xavier Scheifler Amézaga S.J. | ||
| 920 | |a Impresos - Libros | ||
| 930 | |a Fondos Especiales | ||
| 905 | |a 124 | ||
| 901 | |a 0500235914 |b IT2 |c ESP |i D60545 |u 20250521 | ||
| 902 | |a https://opac.biblio.iteso.mx/vufind/Record/000345015 | ||